[Event "Brno /Dedek mem. B/"]
[Site "?"]
[Date "2005.02.01"]
[Round "6"]
[White "Zejda, Karel"]
[Black "Petrilak, Jan"]
[Result "1-0"]
[WhiteElo "1814"]
[BlackElo "1623"]
[PlyCount "65"]
[EventDate "2005.01.04"]

1. d4 Nf6 2. Nf3 g6 3. Bg5 Bg7 4. e3 d6 5. Bd3 Bg4 6. Nbd2 Nbd7 7. h3 Be6 8. e4
Nb6 9. O-O h6 10. Be3 g5 11. Nh2 d5 12. e5 Nfd7 13. f4 Nc4 14. Nxc4 dxc4 15.
Be4 c6 16. Qh5 Qb6 17. f5 Bd5 18. Bxd5 cxd5 19. e6 Ne5 20. Rae1 Ng6 21. exf7+
Kf8 22. fxg6 Qxb2 23. Nf3 Qxc2 24. Qg4 Rd8 25. Qe6 Bf6 26. Ne5 Kg7 27. Nd7 Qxg6
28. f8=Q+ Rhxf8 29. Nxf8 Kxf8 30. Bxg5 Qxg5 31. Qxe7+ Kg8 32. Rxf6 Rc8 33. Ref1
1-0

[Event "Brno /Dedek mem. B/"]
[Site "?"]
[Date "2005.01.20"]
[Round "6"]
[White "Doskar, Miloslav"]
[Black "Prokes, Karel"]
[Result "0-1"]
[WhiteElo "1685"]
[BlackElo "1747"]
[PlyCount "136"]
[EventDate "2005.01.04"]

1. d4 d5 2. c4 dxc4 3. e3 Be6 4. Nd2 c5 5. Ngf3 Nf6 6. dxc5 Nbd7 7. Qa4 Qc7 8.
Nd4 Bd5 9. b4 cxb3 10. axb3 e5 11. Nb5 Qxc5 12. Ba3 Qb6 13. Bxf8 Rxf8 14. Rc1
Bc6 15. Nd6+ Kd8 16. Qa3 Nd5 17. Rc4 f5 18. Be2 Nxe3 19. fxe3 Qxe3 20. Rxc6
bxc6 21. Rf1 g6 22. Qa5+ Qb6 23. Qa4 Kc7 24. N6c4 Qd4 25. Nf3 Qc3+ 26. Kf2 e4
27. Ng5 Qd4+ 28. Kg3 Qc3+ 29. Kf4 Nc5 30. Qa3 h6 31. Qxc5 hxg5+ 32. Kxg5 Qf6+
33. Kf4 Qh4+ 34. Ke3 f4+ 35. Kd2 Rfd8+ 36. Kc1 Rd5 37. Qa3 f3 38. Bd1 Qf6 39.
Kb1 Qd4 40. Bc2 fxg2 41. Rf7+ Rd7 42. Qa5+ Kb7 43. Qb4+ Kc8 44. Rf8+ Rd8 45.
Nd6+ Qxd6 46. Qxd6 g1=Q+ 47. Kb2 Qb6 48. Rxd8+ Qxd8 49. Qxc6+ Kb8 50. Bxe4 Qd2+
51. Ka3 Qa5+ 52. Kb2 Qd2+ 53. Kb1 Qd1+ 54. Ka2 Qd2+ 55. Ka3 Qa5+ 56. Kb2 Qd2+
57. Qc2 Qxc2+ 58. Kxc2 a5 59. Bxa8 Kxa8 60. Kd3 Kb7 61. Ke3 Kc6 62. Kf4 Kc5 63.
Kg5 Kb4 64. Kxg6 Kxb3 65. h4 a4 66. h5 a3 67. h6 a2 68. Kh7 68... a1=Q {
a cerny vyhral)} 0-1

[Event "Brno /Dedek mem. B/"]
[Site "?"]
[Date "2005.01.20"]
[Round "6"]
[White "Novak, Jaromir"]
[Black "Hladil, Ivo"]
[Result "1-0"]
[WhiteElo "1955"]
[BlackElo "1838"]
[PlyCount "81"]
[EventDate "2005.01.04"]

1. e4 d6 2. d4 Nf6 3. Nc3 c6 4. f4 Qa5 5. Bd2 Qb6 6. Nf3 Bg4 7. e5 Nd5 8. Nxd5
cxd5 9. c3 e6 10. Be2 Be7 11. O-O Nd7 12. Kh1 h5 13. exd6 Qxd6 14. Ne5 Bxe2 15.
Qxe2 g6 16. Rad1 Bh4 17. Rc1 O-O 18. g4 Nf6 19. Nf3 Bg3 20. hxg3 Ne4 21. Kg2
hxg4 22. Ne5 Kg7 23. Nxg4 f6 24. Qd3 Rh8 25. Rh1 Rh5 26. Rxh5 gxh5 27. Nf2 f5
28. Rh1 Nf6 29. Qe2 Rh8 30. Nh3 Ng4 31. Ng5 e5 32. fxe5 Qg6 33. e6 h4 34. gxh4
Nf6 35. Qe5 Kh6 36. Kh3 Kh5 37. Rg1 Re8 38. Rf1 Ne4 39. Rxf5 Nf2+ 40. Rxf2 Qd3+
41. Be3 1-0

[Event "Brno /Dedek mem. B/"]
[Site "?"]
[Date "2005.01.20"]
[Round "6"]
[White "Stanek, Stanislav"]
[Black "Hnilicka, Michal"]
[Result "1-0"]
[WhiteElo "2009"]
[BlackElo "1748"]
[PlyCount "141"]
[EventDate "2005.01.04"]

1. Nc3 g6 2. d4 d5 3. Bf4 a6 4. Qd2 Bg7 5. e3 Nf6 6. Nf3 Nc6 7. h3 Bf5 8. Bd3
Ne4 9. Bxe4 Bxe4 10. Nxe4 dxe4 11. Ng5 Qd5 12. c4 Qxc4 13. Rc1 Qd3 14. Qxd3
exd3 15. Nf3 Rc8 16. O-O Nb4 17. Rxc7 Rxc7 18. Bxc7 O-O 19. Ba5 Nd5 20. Rc1 Re8
21. Bd2 f5 22. Rc5 e6 23. a3 Bf8 24. Rc1 Bd6 25. Ne1 e5 26. dxe5 Bxe5 27. Nxd3
Bd6 28. Rc4 Re4 29. Rxe4 fxe4 30. Ne1 Be5 31. Bc1 Kf7 32. Kf1 Ke6 33. Ke2 h5
34. f3 exf3+ 35. gxf3 Nf6 36. f4 Bc7 37. Kf3 Kf5 38. Ng2 Nh7 39. e4+ Ke6 40.
Nh4 Kf6 41. e5+ Kf7 42. Ke4 Bd8 43. Nf3 Nf8 44. Kd5 Ke7 45. Bd2 Kd7 46. Nd4 Bb6
47. e6+ Ke7 48. Bb4+ Ke8 49. Bxf8 Kxf8 50. Nf3 Be3 51. Ne5 Bc1 52. Nxg6+ Ke8
53. f5 Bxb2 54. Nf4 h4 55. Ng6 Bf6 56. Kc5 Bd8 57. a4 b6+ 58. Kc6 a5 59. Nf4 b5
60. Kxb5 Ke7 61. Ng6+ Kd6 62. e7 Bxe7 63. Nxe7 Kxe7 64. Kxa5 Kf6 65. Kb6 Kxf5
66. a5 Kf4 67. a6 Kg3 68. a7 Kxh3 69. a8=Q Kh2 70. Qf3 h3 71. Kc5 {(1.30-2.23)}
1-0

[Event "Brno /Dedek mem. B/"]
[Site "?"]
[Date "2005.01.20"]
[Round "6"]
[White "Prokop, Petr"]
[Black "Zikan, Karel"]
[Result "0-1"]
[WhiteElo "1621"]
[BlackElo "1883"]
[PlyCount "38"]
[EventDate "2005.01.04"]

1. e4 c6 2. d4 d5 3. Nd2 dxe4 4. Nxe4 Nd7 5. Nf3 Ngf6 6. Bd3 Nxe4 7. Bxe4 Nf6
8. Bd3 Bg4 9. c3 e6 10. h3 Bh5 11. Bf4 Qb6 12. Rb1 Be7 13. O-O O-O 14. Re1 Rfd8
15. Be2 c5 16. Ne5 Bxe2 17. Qxe2 cxd4 18. Nc4 Qb5 19. Be5 19... d3 {(1.46-0.34)
} 0-1

[Event "Brno /Dedek mem. B/"]
[Site "?"]
[Date "2005.01.20"]
[Round "6"]
[White "Smistik, Milan"]
[Black "Vesely, Jaromir"]
[Result "1-0"]
[WhiteElo "2273"]
[BlackElo "2046"]
[PlyCount "93"]
[EventDate "2005.01.04"]

1. e4 e6 2. d4 d5 3. Nc3 f5 4. exd5 exd5 5. Bd3 Nf6 6. Bg5 Be7 7. Qf3 c6 8.
Bxf5 O-O 9. Bxc8 Qxc8 10. Qh3 Nbd7 11. Nf3 Bb4 12. O-O Bxc3 13. bxc3 Ne4 14.
Be7 Rf7 15. Ng5 Nxg5 16. Bxg5 h6 17. Bh4 Nb6 18. Qd3 Nc4 19. Rfe1 Qf5 20. Qxf5
Rxf5 21. Re7 Rf7 22. Rae1 Raf8 23. R7e6 Kh7 24. f3 g5 25. Bg3 h5 26. Bd6 Rg8
27. h3 Rg6 28. Be7 a5 29. Bd8 Rxe6 30. Rxe6 Rg7 31. Bf6 Rg6 32. Re7+ Kg8 33.
Be5 b6 34. Kf2 g4 35. hxg4 hxg4 36. f4 Kf8 37. Ra7 Nd2 38. f5 Ne4+ 39. Ke3 Rg8
40. Kf4 Nxc3 41. f6 Ne4 42. Kf5 g3 43. Bf4 Nxf6 44. Kxf6 Ke8 45. Be5 Rf8+ 46.
Ke6 Kd8 47. Rg7 1-0

[Event "Brno /Dedek mem. B/"]
[Site "?"]
[Date "2005.01.25"]
[Round "7"]
[White "Vesely, Jaromir"]
[Black "Zejda, Karel"]
[Result "1-0"]
[WhiteElo "2046"]
[BlackElo "1814"]
[PlyCount "57"]
[EventDate "2005.01.04"]

1. d4 d5 2. c4 e6 3. Nc3 Nf6 4. Bg5 Be7 5. e3 Nbd7 6. Nf3 O-O 7. Bd3 b6 8. cxd5
exd5 9. O-O Bb7 10. Qa4 Ne4 11. Bxe7 Qxe7 12. Rad1 a6 13. Bb1 Rac8 14. Qb3 Ng5
15. Nxg5 Qxg5 16. f4 Qh5 17. Rf3 Nf6 18. Rdf1 Ne4 19. Rh3 Qf5 20. Qd1 Rcd8 21.
Rh5 Qd7 22. Rf3 Nf6 23. Bxh7+ Nxh7 24. Rfh3 g6 25. Rxh7 Qe6 26. Qe1 Qf6 27. g4
Rfe8 28. g5 Qxd4 29. Qh4 {(1.10-1.35)} 1-0

[Event "Brno /Dedek mem. B/"]
[Site "?"]
[Date "2005.01.25"]
[Round "7"]
[White "Zikan, Karel"]
[Black "Smistik, Milan"]
[Result "0-1"]
[WhiteElo "1883"]
[BlackElo "2273"]
[PlyCount "56"]
[EventDate "2005.01.04"]

1. c4 Nf6 2. Nc3 d5 3. cxd5 Nxd5 4. Nxd5 Qxd5 5. Nf3 e5 6. d3 Nc6 7. g3 Bg4 8.
Bg2 Bb4+ 9. Bd2 Bxd2+ 10. Qxd2 Nd4 11. Nh4 Qb5 12. Nf3 Bxf3 13. Bxf3 Nxf3+ 14.
exf3 O-O-O 15. Rd1 Rd4 16. O-O f6 17. Rfe1 Qd5 18. Qe3 Rd8 19. b3 b6 20. Kg2
Rxd3 21. Rxd3 Qxd3 22. Qe4 Qxe4 23. fxe4 Rd2 24. a4 c5 25. h4 Kb7 26. Rc1 Ka6
27. Rc3 Ka5 28. Kf3 28... Kb4 {(1.04-0.42)} 0-1

[Event "Brno /Dedek mem. B/"]
[Site "?"]
[Date "2005.01.25"]
[Round "7"]
[White "Hnilicka, Michal"]
[Black "Prokop, Petr"]
[Result "1-0"]
[WhiteElo "1748"]
[BlackElo "1621"]
[PlyCount "63"]
[EventDate "2005.01.04"]

1. e4 c5 2. d4 cxd4 3. c3 dxc3 4. Nxc3 Nc6 5. Nf3 e6 6. Bc4 Nf6 7. O-O Be7 8.
e5 Ng8 9. Qe2 a6 10. Rd1 b5 11. Bb3 Bb7 12. Ne4 Na5 13. Nfg5 Nxb3 14. axb3 Bxe4
15. Qxe4 h6 16. Nxf7 Kxf7 17. Rd3 Nf6 18. exf6 Bxf6 19. Qb7 Ke7 20. Be3 Ke8 21.
Rxd7 Qxd7 22. Qxa8+ Qd8 23. Rxa6 Qxa8 24. Rxa8+ Bd8 25. Bd4 Rg8 26. Kf1 Kf7 27.
Ra7+ Be7 28. Rb7 b4 29. Bc5 Re8 30. Bxb4 Kf6 31. Bxe7+ Rxe7 32. Rxe7 {
(0.49-1.58)} 1-0

[Event "Brno /Dedek mem. B/"]
[Site "?"]
[Date "2005.01.25"]
[Round "7"]
[White "Hladil, Ivo"]
[Black "Stanek, Stanislav"]
[Result "1-0"]
[WhiteElo "1838"]
[BlackElo "2009"]
[PlyCount "83"]
[EventDate "2005.01.04"]

1. c4 d6 2. Nc3 c6 3. g3 e5 4. Bg2 Be6 5. d3 Be7 6. Nf3 Qc8 7. h3 h6 8. Be3 f5
9. Qa4 Nd7 10. Rc1 g5 11. Nd5 Bxd5 12. cxd5 c5 13. b4 b6 14. bxc5 bxc5 15. O-O
Kf7 16. Rb1 Nb6 17. Qb3 Qd7 18. Nxe5+ dxe5 19. d6+ c4 20. dxc4 Rb8 21. c5+ Qe6
22. Qxe6+ Kxe6 23. dxe7 Nxe7 24. cxb6 axb6 25. Rxb6+ Rxb6 26. Bxb6 Rb8 27. Bc5
Nc8 28. Rd1 Rb5 29. Bf8 h5 30. Bc6 Rb2 31. e3 Nb6 32. a4 Rc2 33. Be8 Nc4 34. a5
Ra2 35. a6 Rxa6 36. Bb5 Nb2 37. Bxa6 Nxd1 38. Bc4+ Kd7 39. Be2 Nc3 40. Bxh5 Ne4
41. Bg6 Ke6 42. g4 1-0

[Event "Brno /Dedek mem. B/"]
[Site "?"]
[Date "2005.01.25"]
[Round "7"]
[White "Prokes, Karel"]
[Black "Novak, Jaromir"]
[Result "0-1"]
[WhiteElo "1747"]
[BlackElo "1955"]
[PlyCount "84"]
[EventDate "2005.01.04"]

1. e4 c5 2. Nf3 Nc6 3. d4 cxd4 4. Nxd4 e5 5. Nb5 a6 6. Nd6+ Bxd6 7. Qxd6 Qe7 8.
Qd1 Nf6 9. Nc3 h6 10. Bc4 O-O 11. O-O d6 12. Nd5 Nxd5 13. Bxd5 Be6 14. c3 Qd7
15. Be3 Rac8 16. Qd2 Bxd5 17. Qxd5 Ne7 18. Qd2 Qc6 19. f3 Rfd8 20. Rfd1 d5 21.
exd5 Nxd5 22. Qe2 b5 23. Rac1 f6 24. Rd3 Rd7 25. Rcd1 Rcd8 26. R3d2 Kf7 27. h4
f5 28. Bf2 Kf6 29. g3 g5 30. h5 Qc4 31. Qxc4 bxc4 32. Kf1 Ke6 33. Ke2 Nf6 34.
Bc5 Rxd2+ 35. Rxd2 Rxd2+ 36. Kxd2 Nxh5 37. Bf8 Nxg3 38. Bxh6 Kf6 39. a4 Kg6 40.
Bf8 e4 41. Bd6 f4 42. fxe4 42... Nxe4+ {(1.55-1.40)} 0-1

[Event "Brno /Dedek mem. B/"]
[Site "?"]
[Date "2005.02.10"]
[Round "7"]
[White "Petrilak, Jan"]
[Black "Doskar, Miloslav"]
[Result "1/2-1/2"]
[WhiteElo "1623"]
[BlackElo "1685"]
[PlyCount "75"]
[EventDate "2005.01.04"]

1. e4 c5 2. d4 cxd4 3. Nf3 d6 4. Nxd4 Nf6 5. Bb5+ Bd7 6. O-O Bxb5 7. Nxb5 Nxe4
8. Re1 d5 9. Qxd5 Qxd5 10. Nc7+ Kd7 11. Nxd5 Nd6 12. Bg5 f6 13. Be3 e5 14. b3
Nc6 15. c4 Rd8 16. Nbc3 Nf5 17. Rad1 Kc8 18. Bd2 Nfd4 19. Nb5 Nxb5 20. cxb5 Nd4
21. Rc1+ Kb8 22. Ne3 Nxb3 23. axb3 Rxd2 24. Nc4 Rd4 25. Rc2 b6 26. Rec1 Bc5 27.
Na5 bxa5 28. Rxc5 Rhd8 29. Kf1 Rd1+ 30. Rxd1 Rxd1+ 31. Ke2 Rd4 32. Rc4 Rd5 33.
Rh4 h6 34. Rg4 Rd7 35. Ra4 Kb7 36. Rxa5 Kb6 37. b4 Rd5 38. Ra6+ 1/2-1/2

[Event "Brno /Dedek mem. B/"]
[Site "?"]
[Date "2005.02.01"]
[Round "8"]
[White "Zejda, Karel"]
[Black "Doskar, Miloslav"]
[Result "1-0"]
[WhiteElo "1814"]
[BlackElo "1685"]
[PlyCount "85"]
[EventDate "2005.01.04"]

1. d4 Nf6 2. c4 e6 3. Nc3 Bb4 4. Qc2 b6 5. Nf3 Bxc3+ 6. Qxc3 Bb7 7. Bg5 O-O 8.
g3 h6 9. Bf4 d6 10. Bg2 Nbd7 11. O-O Qe7 12. Rad1 Rfd8 13. d5 exd5 14. Nd4 Ne4
15. Qc2 dxc4 16. Qxc4 Ndf6 17. Rc1 c5 18. Nf5 Qe6 19. Bh3 Qxc4 20. Rxc4 d5 21.
Rc2 d4 22. f3 Ng5 23. Bg2 Ne6 24. Bc1 d3 25. exd3 Rxd3 26. b3 Nd4 27. Nxd4 Rxd4
28. Bb2 Rd6 29. Re1 Kf8 30. Rce2 Rad8 31. Re7 Nd7 32. Bc1 g5 33. Kf2 Rd3 34. h4
f6 35. Rh7 Bc6 36. Rh8+ Kf7 37. Rxd8 Rc3 38. Be3 Ne5 39. Red1 c4 40. bxc4 Nxc4
41. Rc1 Nxe3 42. Rxc3 Nd1+ 43. Rxd1 1-0

[Event "Brno /Dedek mem. B/"]
[Site "?"]
[Date "2005.01.27"]
[Round "8"]
[White "Novak, Jaromir"]
[Black "Petrilak, Jan"]
[Result "1-0"]
[WhiteElo "1955"]
[BlackElo "1623"]
[PlyCount "51"]
[EventDate "2005.01.04"]

1. e4 e5 2. Nf3 Nc6 3. Bb5 Bc5 4. c3 Qe7 5. O-O Nf6 6. d4 Bb6 7. Bg5 h6 8. Bh4
g5 9. Bg3 Nxe4 10. Re1 f5 11. Bxc6 dxc6 12. Nxe5 h5 13. Ng6 Qh7 14. Nxh8 f4 15.
f3 fxg3 16. Rxe4+ Kf8 17. hxg3 Qxh8 18. Qe2 Bf5 19. Re5 Qf6 20. Nd2 Rd8 21. Re1
a6 22. Rxf5 Qxf5 23. Qe7+ Kg8 24. Qxd8+ Kg7 25. Re7+ Kf6 26. Qf8+ 1-0

[Event "Brno /Dedek mem. B/"]
[Site "?"]
[Date "2005.02.01"]
[Round "8"]
[White "Stanek, Stanislav"]
[Black "Prokes, Karel"]
[Result "1/2-1/2"]
[WhiteElo "2009"]
[BlackElo "1747"]
[PlyCount "88"]
[EventDate "2005.01.04"]

1. Nc3 d5 2. d4 Nf6 3. f3 Bf5 4. Bg5 Nbd7 5. e3 c6 6. Bd3 Bxd3 7. Qxd3 h6 8.
Bh4 Qb6 9. Nd1 e5 10. Qb3 exd4 11. Qxb6 axb6 12. exd4 Bd6 13. Ne2 O-O 14. Bg3
Bxg3+ 15. hxg3 Rfe8 16. Kf2 Nf8 17. Nf4 Ne6 18. Nxe6 Rxe6 19. Nc3 Rae8 20. Rae1
Rxe1 21. Rxe1 Rxe1 22. Kxe1 Kf8 23. Ne2 Ke7 24. Kd2 h5 25. Kc3 c5 26. Kb3 Kd6
27. c3 Kc6 28. a4 Ne8 29. Kc2 Nd6 30. b3 Nf5 31. Kd3 g6 32. c4 dxc4+ 33. bxc4
Nxd4 34. Nxd4+ cxd4 35. Kxd4 f6 36. f4 Kd6 37. Kc3 Kc5 38. Kb3 Kd6 39. Kb4 Kc6
40. Kb3 Kd6 41. Kb4 Kc6 42. Kb3 Kd6 43. Kb4 Kc6 44. Kb3 44... Kd6 {(1.12-1.47)}
1/2-1/2

[Event "Brno /Dedek mem. B/"]
[Site "?"]
[Date "2005.02.10"]
[Round "8"]
[White "Prokop, Petr"]
[Black "Hladil, Ivo"]
[Result "0-1"]
[WhiteElo "1621"]
[BlackElo "1838"]
[PlyCount "132"]
[EventDate "2005.01.04"]

1. e4 d6 2. d4 Nf6 3. Nc3 c6 4. Bd3 e5 5. Nge2 Be7 6. O-O O-O 7. dxe5 dxe5 8.
Ng3 Nbd7 9. Nf5 Re8 10. Be3 Bc5 11. Qf3 Bxe3 12. fxe3 g6 13. Nd6 Re6 14. Nxc8 {
(R)} 14... Rxc8 15. Bc4 Rd6 16. g4 b5 17. Bb3 Nc5 18. g5 Nh5 19. Qxf7+ Kh8 20.
h4 Nxb3 21. axb3 Rc7 22. Qf8+ Qxf8 23. Rxf8+ Kg7 24. Ra8 Rdd7 25. Rd1 Rxd1+ 26.
Nxd1 Kf7 27. Rd8 Ng3 28. Nc3 b4 29. Kg2 bxc3 30. Kxg3 cxb2 31. Rd1 Ke6 32. Rb1
Rd7 33. Rxb2 Rd2 34. Ra2 a5 35. Rxa5 Rxc2 36. Ra7 Rc3 37. Rb7 Rxe3+ 38. Kf2
Rxe4 39. Rxh7 Rb4 40. Rh6 Kf5 41. h5 gxh5 42. g6 Kf6 43. Rxh5 Rxb3 44. g7 Kxg7
45. Rxe5 Kf6 46. Rc5 Rb6 47. Ke3 Ke6 48. Kd4 Kd6 49. Rg5 Rb4+ 50. Kc3 c5 51.
Rg6+ Kd5 52. Rg5+ Kc6 53. Rg6+ Kb5 54. Rg8 Rf4 55. Rb8+ Kc6 56. Rc8+ Kd6 57.
Rd8+ Kc7 58. Rd5 Kc6 59. Rg5 Kb5 60. Rg8 Rf3+ 61. Kc2 c4 62. Rb8+ Kc6 63. Rg8
Rf6 64. Rg4 Kd5 65. Rg5+ Ke4 66. Rg4+ 66... Kd5 {(Time! 2.30-2.00)} 0-1

[Event "Brno /Dedek mem. B/"]
[Site "?"]
[Date "2005.01.27"]
[Round "8"]
[White "Smistik, Milan"]
[Black "Hnilicka, Michal"]
[Result "1-0"]
[WhiteElo "2273"]
[BlackElo "1748"]
[PlyCount "51"]
[EventDate "2005.01.04"]

1. e4 e5 2. Nf3 Nc6 3. d4 exd4 4. Nxd4 Bc5 5. Nxc6 bxc6 6. Bc4 d5 7. exd5 Bxf2+
8. Kxf2 Qh4+ 9. g3 Qxc4 10. Re1+ Ne7 11. Nc3 Bg4 12. Qd3 Qxd3 13. cxd3 Kd7 14.
dxc6+ Nxc6 15. Re4 Be6 16. Bf4 Rab8 17. Na4 Rb5 18. Rc1 Bd5 19. Re2 f6 20. Nc3
Rc5 21. d4 Ra5 22. Nxd5 Rxd5 23. Rd2 Nxd4 24. Rxc7+ Ke6 25. g4 f5 26. g5 1-0

[Event "Brno /Dedek mem. B/"]
[Site "?"]
[Date "2005.01.27"]
[Round "8"]
[White "Vesely, Jaromir"]
[Black "Zikan, Karel"]
[Result "1-0"]
[WhiteElo "2046"]
[BlackElo "1883"]
[PlyCount "70"]
[EventDate "2005.01.04"]

1. d4 Nf6 2. Nf3 c6 3. c4 d5 4. Nc3 dxc4 5. a4 Bf5 6. Ne5 e6 7. f3 h6 8. e4 Bh7
9. Be3 Nbd7 10. Nxc4 Nb6 11. a5 Nxc4 12. Bxc4 Bb4 13. Qb3 Qe7 14. O-O Bxc3 15.
bxc3 O-O 16. Rfb1 b5 17. axb6 axb6 18. Qxb6 Nd5 19. Bxd5 cxd5 20. Bf4 Rfc8 21.
Rxa8 Rxa8 22. Qc6 Qe8 23. Qxe8+ Rxe8 24. Re1 g5 25. Bd6 dxe4 26. fxe4 Ra8 27.
Kf2 Ra2+ 28. Kf3 f6 29. Rb1 g4+ 30. Ke3 Rxg2 31. c4 f5 32. c5 fxe4 33. c6 Rc2
34. Rb8+ Kf7 35. c7 35... Rc3+ {(0.52-1.18)} 1-0

[Event "Brno /Dedek mem. B/"]
[Site "?"]
[Date "2005.02.03"]
[Round "9"]
[White "Hnilicka, Michal"]
[Black "Vesely, Jaromir"]
[Result "0-1"]
[WhiteElo "1748"]
[BlackElo "2046"]
[PlyCount "56"]
[EventDate "2005.01.04"]

1. e4 e6 2. d4 d5 3. Nc3 Nf6 4. e5 Nfd7 5. Nf3 c5 6. Be3 Nc6 7. Nb5 cxd4 8.
Bxd4 a6 9. Nc3 Nxd4 10. Qxd4 Bc5 11. Qg4 O-O 12. Bd3 f5 13. exf6 Nxf6 14. Qh4
Qd6 15. g4 Qf4 16. Ng5 Bxf2+ 17. Qxf2 Qxg5 18. h4 Qe5+ 19. Qe2 Qg3+ 20. Kd2
Qf4+ 21. Qe3 Qxe3+ 22. Kxe3 Nxg4+ 23. Kd4 Bd7 24. Raf1 e5+ 25. Kc5 Rac8+ 26.
Kd6 Rfd8 27. Nxd5 Bf5+ 28. Ke7 28... Rd7# {(1.40-0.35)} 0-1

[Event "Brno /Dedek mem. B/"]
[Site "?"]
[Date "2005.02.03"]
[Round "9"]
[White "Hladil, Ivo"]
[Black "Smistik, Milan"]
[Result "0-1"]
[WhiteElo "1838"]
[BlackElo "2273"]
[PlyCount "50"]
[EventDate "2005.01.04"]

1. c4 Nf6 2. Nc3 d5 3. cxd5 Nxd5 4. g3 g6 5. Bg2 Nb6 6. Nf3 Bg7 7. O-O O-O 8.
d4 Nc6 9. e3 e5 10. dxe5 Nxe5 11. Nxe5 Bxe5 12. Qc2 c6 13. b3 Nd5 14. Bxd5 cxd5
15. Rd1 Qf6 16. Nxd5 Qf3 17. Ne7+ Kh8 18. Nxc8 Raxc8 19. Qd3 Bxa1 20. Ba3 Rfd8
21. Qxd8+ Rxd8 22. Rxd8+ Kg7 23. Bf8+ Kf6 24. Rd6+ Kg5 25. h4+ 25... Kg4 {
(1.22-1.07)} 0-1

[Event "Brno /Dedek mem. B/"]
[Site "?"]
[Date "2005.02.03"]
[Round "9"]
[White "Prokes, Karel"]
[Black "Prokop, Petr"]
[Result "0-1"]
[WhiteElo "1747"]
[BlackElo "1621"]
[PlyCount "102"]
[EventDate "2005.01.04"]

1. e4 c5 2. Nf3 d6 3. d4 cxd4 4. Nxd4 Nf6 5. Nc3 a6 6. Bd3 Nc6 7. Be3 Bd7 8.
Nd5 Nxd5 9. exd5 Qa5+ 10. Qd2 Qxd5 11. Nxc6 Qxg2 12. O-O-O Qxc6 13. Qb4 e6 14.
Qg4 Qa4 15. Qxa4 Bxa4 16. f4 g6 17. Bd4 Rg8 18. Bf6 Be7 19. Bxe7 Kxe7 20. Rhe1
Rac8 21. Rd2 Bc6 22. f5 e5 23. fxg6 hxg6 24. Rf2 Bd5 25. Kd2 Rh8 26. b3 Rh4 27.
c4 Be6 28. Be4 b5 29. Bb7 Rc7 30. Bxa6 bxc4 31. Bxc4 Bxc4 32. bxc4 Rcxc4 33.
Ref1 Rhd4+ 34. Ke2 f5 35. Kf3 Rf4+ 36. Kg3 Rc3+ 37. Kg2 Rxf2+ 38. Rxf2 e4 39.
Rb2 d5 40. Kf2 d4 41. Ke1 d3 42. Kd2 Ra3 43. Ke3 Kf6 44. h4 Ra6 45. Kd4 Rd6+
46. Ke3 d2 47. Rxd2 Rxd2 48. Kxd2 Ke6 49. Ke3 Kd5 50. Kf4 Kc4 51. Ke3 51... Kb4
{(1.47-1.47)} 0-1

[Event "Brno /Dedek mem. B/"]
[Site "?"]
[Date "2005.02.03"]
[Round "9"]
[White "Petrilak, Jan"]
[Black "Stanek, Stanislav"]
[Result "0-1"]
[WhiteElo "1623"]
[BlackElo "2009"]
[PlyCount "84"]
[EventDate "2005.01.04"]

1. e4 Nf6 2. Bc4 d6 3. Nc3 c6 4. Bb3 e5 5. d4 Be7 6. Bg5 Qc7 7. Qd2 h6 8. Be3
Ng4 9. O-O-O Nxe3 10. fxe3 Bg4 11. Rf1 Bf6 12. Kb1 Na6 13. h3 Bh5 14. g4 Bg6
15. Nge2 Bh4 16. Rf3 O-O-O 17. Ng3 Bxg3 18. Rxg3 f6 19. a3 Rhe8 20. d5 Nc5 21.
dxc6 bxc6 22. Qg2 d5 23. Ka2 Nxe4 24. Nxe4 Bxe4 25. Rf3 Bxf3 26. Qxf3 e4 27.
Qe2 Kb8 28. Rd1 Qb6 29. Rd4 c5 30. Ra4 Rd6 31. Qh2 Re5 32. h4 a5 33. g5 c4 34.
gxh6 cxb3+ 35. cxb3 gxh6 36. Qd2 d4 37. exd4 Rb5 38. Qxh6 Rxb3 39. Qf8+ Rd8 40.
Qxd8+ Qxd8 41. Kxb3 Qd5+ 42. Kc3 42... e3 {(1.13-1.01)} 0-1

[Event "Brno /Dedek mem. B/"]
[Site "?"]
[Date "2005.02.03"]
[Round "9"]
[White "Doskar, Miloslav"]
[Black "Novak, Jaromir"]
[Result "0-1"]
[WhiteElo "1685"]
[BlackElo "1955"]
[PlyCount "80"]
[EventDate "2005.01.04"]

1. d4 d5 2. c4 e6 3. Nf3 c6 4. Nc3 Nf6 5. e3 Bd6 6. cxd5 exd5 7. Bd3 Bg4 8. h3
Bh5 9. O-O O-O 10. a3 Re8 11. b4 a6 12. Bb2 Nbd7 13. Be2 Bg6 14. Nh4 Nf8 15.
Nxg6 Nxg6 16. Re1 Bc7 17. Bf3 Qd6 18. g3 Re6 19. e4 dxe4 20. Nxe4 Nxe4 21. Rxe4
Rae8 22. Rxe6 Qxe6 23. Kg2 Rd8 24. Qc2 Bb6 25. Rd1 Ne7 26. Be4 h6 27. f4 Nd5
28. Qd3 f5 29. Bxd5 Qxd5+ 30. Kf2 Re8 31. h4 Re4 32. Rd2 Kf7 33. Bc3 Kf6 34. a4
g5 35. a5 Ba7 36. fxg5+ hxg5 37. hxg5+ Kxg5 38. Rd1 f4 39. Rd2 Bb8 40. g4 40...
Re3 {(1.45-1.10)} 0-1

[Event "Brno /Dedek mem. B/"]
[Site "?"]
[Date "2005.02.08"]
[Round "10"]
[White "Zejda, Karel"]
[Black "Novak, Jaromir"]
[Result "1-0"]
[WhiteElo "1814"]
[BlackElo "1955"]
[PlyCount "75"]
[EventDate "2005.01.04"]

1. d4 d5 2. Nf3 e6 3. Bg5 Nf6 4. Nbd2 c6 5. e3 Be7 6. Bd3 Nbd7 7. O-O c5 8. c3
Qb6 9. Qc2 c4 10. Be2 Qc7 11. e4 dxe4 12. Nxe4 b5 13. a4 Rb8 14. axb5 Rxb5 15.
Bxf6 Bxf6 16. Bxc4 Rb6 17. Nxf6+ gxf6 18. b3 h5 19. Rfe1 h4 20. h3 Nf8 21. Ra5
Rg8 22. Rc5 Qb7 23. Bd5 Qb8 24. Qe4 Kd8 25. Rc6 Ng6 26. Rxb6 axb6 27. Nxh4 Nf4
28. Bc6 Nxh3+ 29. Kf1 Ng5 30. Qe3 Qd6 31. d5 Kc7 32. c4 f5 33. Ra1 Qc5 34. Qe5+
Kd8 35. Ra7 Qe7 36. Rxe7 Kxe7 37. Nxf5+ Kf8 38. Qd6# 1-0

[Event "Brno /Dedek mem. B/"]
[Site "?"]
[Date "2005.02.08"]
[Round "10"]
[White "Stanek, Stanislav"]
[Black "Doskar, Miloslav"]
[Result "1-0"]
[WhiteElo "2009"]
[BlackElo "1685"]
[PlyCount "57"]
[EventDate "2005.01.04"]

1. Nc3 c5 2. e4 d6 3. Bc4 e6 4. d3 Nf6 5. Bg5 Be7 6. f4 Nc6 7. Nf3 O-O 8. O-O
a6 9. a4 Qc7 10. Qe1 Bd7 11. Qg3 Nh5 12. Qh3 g6 13. g4 Ng7 14. Bxe7 Nxe7 15.
Ng5 h5 16. f5 exf5 17. exf5 gxf5 18. gxh5 f4 19. Qf3 Qc6 20. Nge4 d5 21. Bxd5
Nxd5 22. Nxd5 Kh8 23. Ndf6 c4 24. Qxf4 Nf5 25. Nxd7 Rg8+ 26. Kh1 Qxd7 27. Qxf5
Qxf5 28. Rxf5 cxd3 29. cxd3 {(0.25-1.27)} 1-0

[Event "Brno /Dedek mem. B/"]
[Site "?"]
[Date "2005.02.08"]
[Round "10"]
[White "Prokop, Petr"]
[Black "Petrilak, Jan"]
[Result "0-1"]
[WhiteElo "1621"]
[BlackElo "1623"]
[PlyCount "52"]
[EventDate "2005.01.04"]

1. e4 e5 2. Nf3 Nc6 3. Bb5 Nf6 4. O-O a6 5. Ba4 b5 6. Bb3 Ng4 7. d3 h5 8. h3
Bc5 9. hxg4 hxg4 10. Ng5 d6 11. Nxf7 Rh1+ 12. Kxh1 Qh4+ 13. Kg1 g3 14. Nxd6+
cxd6 15. Bf7+ Kf8 16. Qh5 gxf2+ 17. Rxf2 Qxf2+ 18. Kh2 Qg1+ 19. Kg3 Qxc1 20.
Qh8+ Kxf7 21. Qh5+ Kf6 22. Nd2 Qxa1 23. Qh4+ Kf7 24. Nf3 Ke8 25. Qh5+ Kd7 26.
Qf5+ Kc7 0-1

[Event "Brno /Dedek mem. B/"]
[Site "?"]
[Date "2005.01.26"]
[Round "10"]
[White "Smistik, Milan"]
[Black "Prokes, Karel"]
[Result "1/2-1/2"]
[WhiteElo "2273"]
[BlackElo "1747"]
[PlyCount "162"]
[EventDate "2005.01.04"]

1. e4 e5 2. Nf3 Nc6 3. d4 exd4 4. Nxd4 Bc5 5. Nxc6 dxc6 6. Qxd8+ Kxd8 7. Bc4
Ke7 8. Bf4 Nf6 9. Nc3 Re8 10. O-O-O Bb6 11. f3 Kf8 12. Na4 Nh5 13. Nxb6 cxb6
14. Bd6+ Kg8 15. g4 Nf6 16. g5 Nd7 17. f4 Nc5 18. e5 Ne4 19. Rhe1 Bf5 20. Ba3
Nc5 21. Rd6 Rad8 22. Red1 Rxd6 23. exd6 Nd7 24. b3 Kf8 25. Kd2 b5 26. Bd3 Bxd3
27. Kxd3 Re6 28. c4 c5 29. cxb5 Rxd6+ 30. Ke2 Rxd1 31. Kxd1 b6 32. Ke2 Ke7 33.
Kd3 Ke6 34. Ke4 f5+ 35. Kd3 Kd5 36. Bb2 g6 37. Bg7 Ke6 38. Kc4 Kd6 39. h4 Ke6
40. a4 Kd6 41. Bf6 Ke6 42. Bc3 Kd6 43. Bf6 Ke6 44. Bb2 Kd6 45. Bc3 Ke6 46. b4
cxb4 47. Bxb4 Nb8 48. a5 Nd7 49. Bc3 Kd6 50. Bd4 Ke6 51. axb6 axb6 52. Bg7 Kd6
53. Bf6 Ke6 54. Bd8 Kd6 55. Kd4 Nc5 56. Bxb6 Ne6+ 57. Ke3 Kd5 58. Ba5 Kc5 59.
b6 Kc6 60. h5 gxh5 61. Kf3 h4 62. Bd2 Kxb6 63. Kg2 Kc6 64. Kh3 Kd5 65. Kxh4 Ke4
66. Kg3 Kd3 67. Bb4 Ke2 68. Bd6 Ke3 69. Bb8 Ke4 70. Bd6 Nd4 71. Kh4 Ne2 72. Kh5
Nxf4+ 73. Kh6 Ne6 74. g6 hxg6 75. Kxg6 Nf4+ 76. Kg5 Nd3 77. Kh4 Ne5 78. Kg3 f4+
79. Kf2 Nd3+ 80. Kf1 f3 81. Bh2 Kf5 1/2-1/2